[Event "Ahuntsic-A"]
[Site "Montreal CAN"]
[Date "2011.04.08"]
[Round "2"]
[White "Robichaud, Louis"]
[Black "Gauthier, Gael"]
[Result "0-1"]
[WhiteElo "1983"]
[BlackElo "1897"]
[PlyCount "69"]
[GameId "2160767909779042"]
[EventDate "2011.04.03"]
[EventType "swiss (rapid)"]
[EventRounds "5"]
[EventCountry "CAN"]
[SourceTitle "EXT 2013"]
[Source "ChessBase"]
[SourceDate "2012.11.22"]
[SourceVersion "1"]
[SourceVersionDate "2012.11.22"]
[SourceQuality "1"]

1. e4 d6 2. d4 Nf6 3. Nc3 g6 4. f4 Bg7 5. Nf3 c5 6. d5 O-O 7. Bc4 b5 8. Bxb5 Nxe4 9. Nxe4 Qa5+ 10. Nc3 Bxc3+ 11. bxc3 Qxb5 12. Kf2 Nd7 13. Re1 Re8 14. a4 Qc4 15. Be3 Nf6 16. Nd2 Qxd5 17. c4 Qh5 18. Qxh5 Nxh5 19. Nb3 Nf6 20. Na5 Ng4+ 21. Kg1 Nxe3 22. Rxe3 Bf5 23. Re2 Kf8 24. Rb1 Rab8 25. Rxb8 Rxb8 26. Nc6 Rb7 27. a5 a6 28. h3 h5 29. Kf2 f6 30. Kf3 e5 31. fxe5 dxe5 32. Rd2 Rd7 33. Rd5 Be6 34. Rxc5 Rc7 35. Nd8 0-1

[Event "Ahuntsic-A"]
[Site "Montreal CAN"]
[Date "2011.04.03"]
[Round "3"]
[White "Dumont, Felix"]
[Black "Deschenes, Jean"]
[Result "1/2-1/2"]
[WhiteElo "1620"]
[BlackElo "1626"]
[PlyCount "93"]
[GameId "2160767909779045"]
[EventDate "2011.04.03"]
[EventType "swiss (rapid)"]
[EventRounds "5"]
[EventCountry "CAN"]
[SourceTitle "EXT 2013"]
[Source "ChessBase"]
[SourceDate "2012.11.22"]
[SourceVersion "1"]
[SourceVersionDate "2012.11.22"]
[SourceQuality "1"]

1. Nf3 d6 2. c4 Nf6 3. Nc3 Bg4 4. d4 Nbd7 5. e4 e5 6. Be2 Be7 7. O-O O-O 8. Be3 c6 9. Qc2 Re8 10. Rfd1 Qc7 11. d5 c5 12. Nb5 Qd8 13. b4 a6 14. Nc3 cxb4 15. Na4 Rc8 16. Rab1 Bxf3 17. Bxf3 b5 18. Nb2 Nb6 19. Bxb6 Qxb6 20. Qe2 bxc4 21. Nxc4 Qb5 22. Nd2 Qxe2 23. Bxe2 a5 24. Bb5 Red8 25. Bc6 Rc7 26. f3 Nd7 27. a3 Bg5 28. axb4 Be3+ 29. Kf1 axb4 30. Rxb4 Bc5 31. Rb5 Nb8 32. Bb7 Rdd7 33. Rdb1 g6 34. Nc4 Re7 35. Na5 Kg7 36. Nc6 Nxc6 37. dxc6 f5 38. Ke2 fxe4 39. fxe4 Rf7 40. Rf1 Rxf1 41. Kxf1 Kf6 42. Ke2 Ke7 43. Kd3 Ke6 44. Kc4 h6 45. Rxc5 dxc5 46. Kxc5 g5 47. g4 1/2-1/2

[Event "Ahuntsic-A"]
[Site "Montreal CAN"]
[Date "2011.04.03"]
[Round "3"]
[White "Voskanyan, Vahagn"]
[Black "Gulko, Andrei"]
[Result "0-1"]
[WhiteElo "2263"]
[BlackElo "2030"]
[PlyCount "180"]
[GameId "2160767909779048"]
[EventDate "2011.04.03"]
[EventType "swiss (rapid)"]
[EventRounds "5"]
[EventCountry "CAN"]
[SourceTitle "EXT 2013"]
[Source "ChessBase"]
[SourceDate "2012.11.22"]
[SourceVersion "1"]
[SourceVersionDate "2012.11.22"]
[SourceQuality "1"]

1. Nf3 Nf6 2. c4 e6 3. g3 b6 4. Bg2 Bb7 5. O-O Be7 6. Nc3 O-O 7. d3 d5 8. Ne5 Nbd7 9. Nxd7 Qxd7 10. Bf4 c5 11. cxd5 Nxd5 12. Nxd5 Bxd5 13. Qc2 Bxg2 14. Kxg2 Rfd8 15. Kg1 Bf6 16. Rac1 h5 17. h4 Qd5 18. b3 g6 19. Rfd1 Qf5 20. Be3 Qg4 21. Kh2 Be5 22. Kg2 Bf6 23. f3 Qf5 24. Qc4 Bd4 25. Bg5 Rd7 26. Qb5 Qd5 27. Qa6 Qe5 28. Rc2 Be3 29. Bxe3 Qxe3 30. Qb5 Rd4 31. Qc6 Rad8 32. Qc7 R4d7 33. Qc6 Rd4 34. Qc7 R8d7 35. Qc6 Kg7 36. Rf1 Qe5 37. f4 Qf5 38. Qf3 Qf6 39. Qe3 R7d5 40. Rc4 Qd8 41. Rfc1 Qa8 42. Kf2 Qd8 43. Rxd4 Rxd4 44. Qe5+ Kg8 45. Rc4 Rd5 46. Qe3 Qf6 47. Rc2 Qa1 48. Qc1 Qd4+ 49. Qe3 Qa1 50. Qc1 Qf6 51. Kg2 Qd8 52. Qe3 Kg7 53. Rc4 Qf6 54. Rc2 Kf8 55. Qc1 Qd8 56. Qb2 Kg8 57. Rc4 Qa8 58. Kh2 Qd8 59. Re4 Qe7 60. Qc3 Qd8 61. b4 cxb4 62. Rxb4 Rc5 63. Rc4 Rxc4 64. Qxc4 Qd7 65. a4 Qb7 66. Qd4 a6 67. e4 b5 68. axb5 axb5 69. Qb4 Qc6 70. Qb3 Qc5 71. Kg2 b4 72. Kf3 Qd4 73. Ke2 Kh7 74. f5 gxf5 75. exf5 Qe5+ 76. Kd2 Qxf5 77. Qxb4 Qf2+ 78. Kc1 Qxg3 79. Qe4+ Qg6 80. Qe3 Qh6 81. Kd2 Kg6 82. Qxh6+ Kxh6 83. Ke3 Kg6 84. Kf4 f6 85. d4 Kf7 86. Ke4 Ke7 87. Kf4 Kd6 88. Ke4 Kc6 89. Kf4 Kd5 90. Ke3 e5 0-1

[Event "Ahuntsic-A"]
[Site "Montreal CAN"]
[Date "2011.04.08"]
[Round "4"]
[White "Cardin, Guillaume"]
[Black "Robichaud, Louis"]
[Result "1-0"]
[WhiteElo "1640"]
[BlackElo "1983"]
[PlyCount "67"]
[GameId "2160767909779049"]
[EventDate "2011.04.03"]
[EventType "swiss (rapid)"]
[EventRounds "5"]
[EventCountry "CAN"]
[SourceTitle "EXT 2013"]
[Source "ChessBase"]
[SourceDate "2012.11.22"]
[SourceVersion "1"]
[SourceVersionDate "2012.11.22"]
[SourceQuality "1"]

1. e4 e5 2. Nf3 Nc6 3. Bb5 Nf6 4. O-O Nxe4 5. d4 Nd6 6. Bxc6 dxc6 7. dxe5 Nf5 8. Qxd8+ Kxd8 9. Nc3 Ke8 10. Ne4 h6 11. Re1 Be6 12. a3 a5 13. Bd2 b6 14. Rad1 Rd8 15. g4 Nd4 16. Nxd4 Rxd4 17. g5 Bf5 18. gxh6 Bxe4 19. hxg7 Bxg7 20. Bg5 Rxd1 21. Rxd1 Bd5 22. c4 Bxe5 23. Re1 Bxc4 24. Rxe5+ Be6 25. f4 Kd7 26. h4 Kd6 27. Kf2 a4 28. Bf6 Rh6 29. Bg5 Rh7 30. h5 Bg4 31. h6 f6 32. Bxf6 Rxh6 33. Bg5 Rh2+ 34. Kg3 1-0

[Event "Ahuntsic-A"]
[Site "Montreal CAN"]
[Date "2011.04.08"]
[Round "4"]
[White "Robichaud, Louis"]
[Black "Trottier, Emile"]
[Result "1-0"]
[WhiteElo "1983"]
[BlackElo "1307"]
[PlyCount "69"]
[GameId "2160767909779052"]
[EventDate "2011.04.03"]
[EventType "swiss (rapid)"]
[EventRounds "5"]
[EventCountry "CAN"]
[SourceTitle "EXT 2013"]
[Source "ChessBase"]
[SourceDate "2012.11.22"]
[SourceVersion "1"]
[SourceVersionDate "2012.11.22"]
[SourceQuality "1"]

1. e4 e6 2. d3 d5 3. Nd2 Nf6 4. g3 dxe4 5. dxe4 Nc6 6. Bg2 Bc5 7. Ngf3 e5 8. O-O O-O 9. c3 h6 10. Qe2 Qe7 11. a4 a6 12. b4 Bb6 13. Ba3 Nb8 14. Nc4 Ba7 15. Ne3 c6 16. Nh4 b5 17. Nhf5 Bxf5 18. Nxf5 Qe6 19. Bh3 Nh7 20. Kg2 Ng5 21. Bg4 Qf6 22. f4 exf4 23. gxf4 Ne6 24. e5 Qd8 25. Rad1 Qb6 26. a5 Qb7 27. Qe4 Qc7 28. Rf3 Rd8 29. Nd6 Nd7 30. Nxf7 Kxf7 31. Qf5+ Nf6 32. Qxe6+ Kf8 33. Rxd8+ Rxd8 34. exf6 Rd2+ 35. Kh3 1-0

[Event "Ahuntsic-A"]
[Site "Montreal CAN"]
[Date "2011.04.03"]
[Round "5"]
[White "Robichaud, Louis"]
[Black "Cote-Lalumiere, Tristan"]
[Result "1-0"]
[WhiteElo "1983"]
[BlackElo "1340"]
[PlyCount "69"]
[GameId "2160767909779056"]
[EventDate "2011.04.03"]
[EventType "swiss (rapid)"]
[EventRounds "5"]
[EventCountry "CAN"]
[SourceTitle "EXT 2013"]
[Source "ChessBase"]
[SourceDate "2012.11.22"]
[SourceVersion "1"]
[SourceVersionDate "2012.11.22"]
[SourceQuality "1"]

1. e4 c5 2. Nc3 d6 3. g3 Nc6 4. Bg2 g6 5. d3 Bg7 6. f4 e6 7. Nf3 Nge7 8. O-O O-O 9. Be3 f5 10. Bf2 e5 11. fxe5 Nxe5 12. Nxe5 Bxe5 13. d4 cxd4 14. Bxd4 Nc6 15. Bxe5 Qb6+ 16. Kh1 dxe5 17. exf5 Bxf5 18. Ne4 Rad8 19. Qe2 Nd4 20. Qc4+ Be6 21. Qc3 Bf5 22. Rac1 Rc8 23. Qd2 Qxb2 24. Qh6 Ne6 25. Rb1 Qxc2 26. Nd6 Rc7 27. Bd5 Re7 28. Rbc1 Qd3 29. Rcd1 Qa6 30. Nxf5 Rxf5 31. Rxf5 gxf5 32. Qg5+ Kf7 33. Qxf5+ Ke8 34. Qxe5 Qb6 35. Bb3 1-0

[Event "Ahuntsic-A"]
[Site "Montreal CAN"]
[Date "2011.04.03"]
[Round "5"]
[White "Wu, Qiyou"]
[Black "Voskanyan, Vahagn"]
[Result "0-1"]
[WhiteElo "1938"]
[BlackElo "2263"]
[PlyCount "44"]
[GameId "2160767909779057"]
[EventDate "2011.04.03"]
[EventType "swiss (rapid)"]
[EventRounds "5"]
[EventCountry "CAN"]
[SourceTitle "EXT 2013"]
[Source "ChessBase"]
[SourceDate "2012.11.22"]
[SourceVersion "1"]
[SourceVersionDate "2012.11.22"]
[SourceQuality "1"]

1. e4 c6 2. d4 d5 3. exd5 cxd5 4. c4 Nf6 5. Nc3 g6 6. Nf3 Bg7 7. c5 Nc6 8. Bb5 Ne4 9. O-O O-O 10. Bf4 Bg4 11. Bxc6 bxc6 12. Be3 Rb8 13. Rb1 Nxc3 14. bxc3 Rxb1 15. Qxb1 Bxf3 16. gxf3 e5 17. Qb7 Qf6 18. dxe5 Qxf3 19. Qxc6 Bxe5 20. Bd4 Qg4+ 21. Kh1 Qh3 22. f4 Qxf1+ 0-1

[Event "Ahuntsic-B"]
[Site "Montreal CAN"]
[Date "2011.04.03"]
[Round "1"]
[White "Senecal, Jean-Pierre"]
[Black "Lajoie, Gerald"]
[Result "1-0"]
[WhiteElo "1433"]
[BlackElo "1074"]
[PlyCount "57"]
[GameId "2160767909779058"]
[EventDate "2011.04.03"]
[EventType "swiss (rapid)"]
[EventRounds "5"]
[EventCountry "CAN"]
[SourceTitle "EXT 2013"]
[Source "ChessBase"]
[SourceDate "2012.11.22"]
[SourceVersion "1"]
[SourceVersionDate "2012.11.22"]
[SourceQuality "1"]

1. e4 c5 2. Nf3 d6 3. c3 Nc6 4. Bc4 e6 5. O-O g6 6. d4 cxd4 7. cxd4 Bg7 8. Nc3 Nf6 9. Re1 O-O 10. Bg5 a6 11. Qd2 Qc7 12. Bh6 b5 13. Bb3 Rb8 14. Bxg7 Kxg7 15. Rac1 Rd8 16. d5 Na5 17. Nxb5 Qb6 18. Nbd4 Bd7 19. Rc3 Nb7 20. Nc6 Bxc6 21. Rxc6 Qa7 22. Rc7 Qb6 23. Qc3 Na5 24. Re7 e5 25. Ng5 Rf8 26. Ne6+ Kg8 27. Nxf8 Kxf8 28. Rxe5 dxe5 29. Qxe5 1-0

[Event "Ahuntsic-B"]
[Site "Montreal CAN"]
[Date "2011.04.03"]
[Round "2"]
[White "Achkar, Olivier"]
[Black "Senecal, Jean-Pierre"]
[Result "0-1"]
[WhiteElo "1147"]
[BlackElo "1433"]
[PlyCount "52"]
[GameId "2160767909779059"]
[EventDate "2011.04.03"]
[EventType "swiss (rapid)"]
[EventRounds "5"]
[EventCountry "CAN"]
[SourceTitle "EXT 2013"]
[Source "ChessBase"]
[SourceDate "2012.11.22"]
[SourceVersion "1"]
[SourceVersionDate "2012.11.22"]
[SourceQuality "1"]

1. d4 Nf6 2. Nf3 e6 3. e3 d5 4. c4 c6 5. Nc3 Nbd7 6. cxd5 exd5 7. Bd3 Bd6 8. e4 dxe4 9. Nxe4 Nxe4 10. Bxe4 Nf6 11. Bg5 h6 12. Bxf6 Qxf6 13. O-O O-O 14. h3 Re8 15. Re1 Be6 16. Qe2 Bf5 17. Qd3 Bxe4 18. Rxe4 c5 19. Rae1 Rxe4 20. Qxe4 cxd4 21. Qxd4 Qg6 22. Re4 Bc5 23. Qe5 Qb6 24. Qg3 Rd8 25. Rg4 Bxf2+ 26. Qxf2 Rd1+ 0-1

[Event "Ahuntsic-B"]
[Site "Montreal CAN"]
[Date "2011.04.03"]
[Round "2"]
[White "Nikulich, Andrey"]
[Black "Eddouri, Hmida"]
[Result "0-1"]
[WhiteElo "1201"]
[BlackElo "1444"]
[PlyCount "41"]
[GameId "2160767909779060"]
[EventDate "2011.04.03"]
[EventType "swiss (rapid)"]
[EventRounds "5"]
[EventCountry "CAN"]
[SourceTitle "EXT 2013"]
[Source "ChessBase"]
[SourceDate "2012.11.22"]
[SourceVersion "1"]
[SourceVersionDate "2012.11.22"]
[SourceQuality "1"]

1. e4 c5 2. Nf3 Nc6 3. d4 cxd4 4. Nxd4 d6 5. c4 Nf6 6. Nc3 g6 7. Be2 Bg7 8. O-O O-O 9. Be3 a6 10. Kh1 Ne5 11. h3 Bd7 12. f4 Nc6 13. Rc1 Rc8 14. Nd5 Nxe4 15. Kh2 Nf6 16. Bf3 Nxd5 17. cxd5 Nxd4 18. Bxd4 Rxc1 19. Qxc1 Bxd4 20. Qd2 Qb6 21. b3 0-1

[Event "Ahuntsic-B"]
[Site "Montreal CAN"]
[Date "2011.04.03"]
[Round "3"]
[White "Senecal, Jean-Pierre"]
[Black "Cloutier, Richard"]
[Result "0-1"]
[WhiteElo "1433"]
[BlackElo "1582"]
[PlyCount "96"]
[GameId "2160767909779061"]
[EventDate "2011.04.03"]
[EventType "swiss (rapid)"]
[EventRounds "5"]
[EventCountry "CAN"]
[SourceTitle "EXT 2013"]
[Source "ChessBase"]
[SourceDate "2012.11.22"]
[SourceVersion "1"]
[SourceVersionDate "2012.11.22"]
[SourceQuality "1"]

1. e4 c5 2. Nf3 Nc6 3. c3 d5 4. e5 Bg4 5. Bb5 e6 6. O-O Nge7 7. d4 a6 8. Be2 Nf5 9. h3 Bxf3 10. Bxf3 cxd4 11. cxd4 Nfxd4 12. Nc3 Nxf3+ 13. Qxf3 Nxe5 14. Qg3 Ng6 15. Be3 Bd6 16. f4 O-O 17. Bd4 Qc7 18. Ne2 Bc5 19. Rac1 Bxd4+ 20. Nxd4 Qd6 21. Ne2 Ne7 22. Qf3 Rac8 23. Nc3 Rc7 24. Rcd1 Qb6+ 25. Qf2 Qxf2+ 26. Rxf2 Nf5 27. Rd3 Rfc8 28. Kh2 b5 29. a3 Rc4 30. Na2 Nd6 31. Nc3 Ne4 32. Nxe4 Rxe4 33. f5 Rec4 34. fxe6 fxe6 35. Re3 Re4 36. Rxe4 dxe4 37. Re2 Rc4 38. Kg3 e5 39. Kf2 g6 40. Ke3 Kf7 41. Kf2 Ke6 42. Ke3 Kd5 43. Rd2+ Rd4 44. Rf2 Rd3+ 45. Ke2 Rb3 46. Kd1 Kd4 47. Rf8 Rxb2 48. g4 e3 0-1

[Event "Ahuntsic-B"]
[Site "Montreal CAN"]
[Date "2011.04.03"]
[Round "4"]
[White "Senecal, Jean-Pierre"]
[Black "Gu, Sheng Ming"]
[Result "0-1"]
[WhiteElo "1433"]
[BlackElo "1267"]
[PlyCount "50"]
[GameId "2160767909779062"]
[EventDate "2011.04.03"]
[EventType "swiss (rapid)"]
[EventRounds "5"]
[EventCountry "CAN"]
[SourceTitle "EXT 2013"]
[Source "ChessBase"]
[SourceDate "2012.11.22"]
[SourceVersion "1"]
[SourceVersionDate "2012.11.22"]
[SourceQuality "1"]

1. e4 c5 2. c3 e6 3. Nf3 Nc6 4. Bb5 d5 5. e5 Nge7 6. O-O Ng6 7. d4 a6 8. Bd3 Be7 9. Be3 c4 10. Bc2 O-O 11. Qc1 f6 12. Bxg6 hxg6 13. Nh4 fxe5 14. Nxg6 Rf5 15. dxe5 Nxe5 16. Nxe5 Rxe5 17. Nd2 Bd6 18. Nf3 Rh5 19. g3 e5 20. Rd1 Bg4 21. Ne1 e4 22. Rd2 Bf3 23. Ng2 Qd7 24. Nf4 Bxf4 25. Bxf4 Qh3 0-1

[Event "Alberta-ch U20 w"]
[Site "Calgary CAN"]
[Date "2011.11.05"]
[Round "1"]
[White "Bustos, Chantel"]
[Black "Gagne, Rachel"]
[Result "0-1"]
[WhiteElo "451"]
[BlackElo "656"]
[PlyCount "82"]
[GameId "2160767909573656"]
[EventDate "2011.11.05"]
[EventType "swiss"]
[EventRounds "5"]
[EventCountry "CAN"]

1. e4 e5 2. Bc4 Nf6 3. d3 d6 4. Nc3 Bg4 5. f3 Be6 6. Bxe6 fxe6 7. Bd2 Nc6 8. Nh3 Qe7 9. Nb5 O-O-O 10. Bg5 Nd4 11. c3 Nxb5 12. Bxf6 Qxf6 13. c4 Nd4 14. Nf2 Qg5 15. Nh3 Qe3+ 16. Kf1 d5 17. Qa4 Be7 18. Qxa7 Qxd3+ 19. Kg1 Qe3+ 20. Nf2 Ne2+ 21. Kf1 Bc5 22. Ke1 Qxf2+ 23. Kd1 Nf4 24. Qa8+ Kd7 25. Qxb7 Qd4+ 26. Ke1 Qxc4 27. b3 Qc3+ 28. Kd1 Qxa1+ 29. Kd2 Qxa2+ 30. Ke1 Nxg2+ 31. Kf1 Ne3+ 32. Kg1 Nc4+ 33. Kf1 Qxb3 34. exd5 Qxb7 35. Rg1 Rhg8 36. Rg5 Qb1+ 37. Ke2 exd5 38. Rxe5 Nxe5 39. f4 Qb2+ 40. Kf1 Nc4 41. f5 Rgf8 0-1

[Event "Alberta-ch U20 w"]
[Site "Calgary CAN"]
[Date "2011.11.05"]
[Round "2.2"]
[White "Gagne, Hope"]
[Black "Kalaydina, Regina Veronicka"]
[Result "0-1"]
[WhiteElo "601"]
[BlackElo "1946"]
[PlyCount "36"]
[GameId "2160767909573659"]
[EventDate "2011.11.05"]
[EventType "swiss"]
[EventRounds "5"]
[EventCountry "CAN"]

1. e4 e5 2. Bc4 Nf6 3. Qe2 Bc5 4. Bb3 d6 5. Qc4 Be6 6. Qd3 Bxb3 7. axb3 Nc6 8. Qc4 Ng4 9. Nf3 Bxf2+ 10. Kd1 Bb6 11. d3 Nf2+ 12. Ke1 Nxh1 13. Ng5 O-O 14. d4 Qf6 15. dxe5 Qf2+ 16. Kd1 dxe5 17. Qd3 Rad8 18. Qd2 Qf1# 0-1

[Event "Alliston op"]
[Site "Alliston CAN"]
[Date "2011.10.14"]
[Round "1"]
[White "Prost, Bernie"]
[Black "Xu, Haizhou"]
[Result "0-1"]
[WhiteElo "1674"]
[BlackElo "2224"]
[PlyCount "74"]
[GameId "2160767909647902"]
[EventDate "2011.10.14"]
[EventType "swiss"]
[EventRounds "5"]
[EventCountry "CAN"]

1. e4 c5 2. Nf3 d6 3. d4 cxd4 4. Nxd4 Nf6 5. Nc3 a6 6. Be3 e6 7. f3 b5 8. Bd3 Bb7 9. O-O Nbd7 10. Rc1 Be7 11. Qe1 b4 12. Nce2 d5 13. exd5 Nxd5 14. Bf2 Nc5 15. Bc4 O-O 16. Bb3 Rc8 17. Rd1 Qa5 18. Bxd5 Bxd5 19. a3 Na4 20. axb4 Bxb4 21. c3 Bd6 22. Ra1 Bb7 23. b3 Qe5 24. Bg3 Qe3+ 25. Bf2 Qh6 26. g3 Nc5 27. Qc1 Qf6 28. Be3 e5 29. b4 Nd3 30. Qd2 exd4 31. Bxd4 Qg6 32. Ra5 f6 33. Qa2+ Kh8 34. Qe6 Bc7 35. Ra3 Rfe8 36. Qa2 Qh5 37. c4 Bxf3 0-1

[Event "Alliston op"]
[Site "Alliston CAN"]
[Date "2011.10.15"]
[Round "2"]
[White "Ferreira, Alex"]
[Black "Prost, Bernie"]
[Result "0-1"]
[WhiteElo "2068"]
[BlackElo "1674"]
[PlyCount "68"]
[GameId "2160767909647903"]
[EventDate "2011.10.14"]
[EventType "swiss"]
[EventRounds "5"]
[EventCountry "CAN"]

1. e4 e5 2. Nf3 Nc6 3. Bb5 a6 4. Bxc6 dxc6 5. O-O Bd6 6. d4 Bg4 7. dxe5 Bxf3 8. Qxf3 Bxe5 9. Rd1 Qf6 10. Qxf6 Nxf6 11. f4 Bd6 12. Nc3 O-O-O 13. Be3 Ng4 14. Bd4 Bxf4 15. Rf1 Bxh2+ 16. Kh1 Rxd4 17. g3 f6 18. Rf4 h5 19. Raf1 Bxg3 20. Ne2 Bxf4 21. Nxd4 Be5 22. Nf5 g6 23. Ne7+ Kd7 24. Nxg6 Rg8 25. Nxe5+ fxe5 26. Rf7+ Kd6 27. Rf5 Rg6 28. Rf7 Nf6 29. c4 Nxe4 30. b4 c5 31. b5 axb5 32. cxb5 b6 33. Rf3 c4 34. Re3 Ng3+ 0-1

[Event "Alliston op"]
[Site "Alliston CAN"]
[Date "2011.10.15"]
[Round "3"]
[White "Gillis, Doug"]
[Black "Bozinoski, Tom"]
[Result "1/2-1/2"]
[WhiteElo "1594"]
[BlackElo "1720"]
[PlyCount "87"]
[GameId "2160767909647906"]
[EventDate "2011.10.14"]
[EventType "swiss"]
[EventRounds "5"]
[EventCountry "CAN"]

1. d4 Nf6 2. Nc3 e6 3. e4 d6 4. Nf3 Nbd7 5. Bg5 Be7 6. e5 dxe5 7. dxe5 Ng8 8. Bxe7 Nxe7 9. Bd3 Nc6 10. Qe2 a6 11. O-O-O Qe7 12. h4 Nc5 13. Be4 Nxe4 14. Nxe4 Bd7 15. Kb1 O-O-O 16. Qc4 Kb8 17. Qc5 h6 18. Nd4 Qxc5 19. Nxc5 Nxe5 20. f4 Nc6 21. Nxd7+ Rxd7 22. Nxc6+ Kc8 23. Rxd7 Kxd7 24. Ne5+ Ke7 25. Rd1 Kf6 26. Rd7 Rf8 27. Rxc7 Kf5 28. g3 f6 29. Rf7 Rxf7 30. Nxf7 Kg4 31. Nd8 Kxg3 32. Nxe6 g6 33. Nf8 Kxh4 34. Nxg6+ Kg4 35. Kc1 Kf5 36. Nh4+ Kxf4 37. Kd2 h5 38. Ke2 Kg4 39. Nf3 Kg3 40. Nd4 h4 41. Nf5+ Kg4 42. Ne3+ Kg3 43. Nf1+ Kg2 44. Ne3+ 1/2-1/2

[Event "Annex CC-ch"]
[Site "Toronto CAN"]
[Date "2011.02.01"]
[Round "1"]
[White "Palozzi, Sebastian"]
[Black "McKendry, Bruce"]
[Result "0-1"]
[WhiteElo "1527"]
[BlackElo "1874"]
[PlyCount "66"]
[GameId "2160767909812737"]
[EventDate "2011.02.01"]
[EventType "swiss"]
[EventRounds "6"]
[EventCountry "CAN"]

1. e4 e5 2. Nf3 Nc6 3. d4 exd4 4. Nxd4 Nf6 5. Nxc6 bxc6 6. e5 Qe7 7. Qe2 Nd5 8. c4 Nb6 9. g3 Qe6 10. b3 d5 11. exd6 cxd6 12. Bg2 Qxe2+ 13. Kxe2 Bg4+ 14. f3 Be6 15. Bb2 Rb8 16. Nd2 Nxc4 17. Nxc4 Bxc4+ 18. Kf2 Be6 19. Rhe1 d5 20. Rac1 Kd7 21. Bd4 f6 22. Bc5 Bxc5+ 23. Rxc5 Kd6 24. Rec1 Bd7 25. f4 Rb5 26. Rxb5 cxb5 27. Rd1 Be6 28. b4 Rc8 29. Ke3 Rc2 30. Rd2 Rc1 31. f5 Rc3+ 32. Kf2 Bf7 33. g4 Rc4 0-1

[Event "Annex CC-ch"]
[Site "Toronto CAN"]
[Date "2011.02.08"]
[Round "1"]
[White "Manalo, Pepin"]
[Black "Khoudgarian, Natalia"]
[Result "0-1"]
[WhiteElo "1811"]
[BlackElo "2244"]
[PlyCount "122"]
[GameId "2160767909812738"]
[EventDate "2011.02.01"]
[EventType "swiss"]
[EventRounds "6"]
[EventCountry "CAN"]

1. e4 e6 2. d3 d5 3. Nd2 Nf6 4. e5 Nfd7 5. Ngf3 c5 6. c3 Nc6 7. g3 Ndxe5 8. Qe2 Qc7 9. Bg2 Bd6 10. Nxe5 Nxe5 11. f4 Ng6 12. Nb3 O-O 13. O-O Bd7 14. Bd2 a5 15. Rae1 a4 16. Nc1 Qb6 17. b3 axb3 18. axb3 Bc6 19. c4 d4 20. Be4 Rae8 21. Qf3 f5 22. Bxc6 Qxc6 23. Qxc6 bxc6 24. Re2 e5 25. fxe5 Nxe5 26. Bf4 Nf7 27. Bxd6 Nxd6 28. Rf4 Rxe2 29. Nxe2 Re8 30. Kf2 g5 31. Rf3 Kg7 32. h3 Kg6 33. g4 Ra8 34. Ke1 Ra1+ 35. Kd2 Ra2+ 36. Kd1 h5 37. gxh5+ Kxh5 38. Ng3+ Kg6 39. Ne2 Rb2 40. Nc1 g4 41. hxg4 fxg4 42. Rf8 Nf5 43. Rc8 g3 44. Ne2 Ne3+ 45. Kc1 Rc2+ 46. Kb1 Rxe2 47. Rg8+ Kf5 48. Rxg3 Rd2 49. Rf3+ Ke5 50. Rf8 Rxd3 51. Re8+ Kf4 52. Rf8+ Ke4 53. Re8+ Kf3 54. Kb2 Rd2+ 55. Kc1 Rc2+ 56. Kb1 d3 57. Re5 Ke2 58. Rh5 d2 59. Rh2+ Kd3 60. Rh1 d1=Q+ 61. Rxd1+ Nxd1 0-1

[Event "Annex CC-ch"]
[Site "Toronto CAN"]
[Date "2011.02.14"]
[Round "3"]
[White "Siddeley, Hugh"]
[Black "Shebetah, Wajdy"]
[Result "0-1"]
[WhiteElo "2029"]
[BlackElo "2204"]
[PlyCount "99"]
[GameId "2160767909812739"]
[EventDate "2011.02.01"]
[EventType "swiss"]
[EventRounds "6"]
[EventCountry "CAN"]

1. e4 Nf6 2. Nc3 e6 3. d4 d5 4. e5 Nfd7 5. f4 c5 6. Nf3 Nc6 7. Be3 a6 8. Qd2 b5 9. dxc5 Nxc5 10. Qf2 Nd7 11. Bd3 Be7 12. O-O f5 13. Ne2 Qc7 14. c3 Na5 15. Ned4 Nc5 16. Rad1 Nc4 17. Bc1 Ne4 18. Qe1 Rb8 19. b3 Na5 20. Bb2 Bd7 21. Kh1 O-O 22. Rc1 Qb6 23. h4 Nc6 24. Nxc6 Bxc6 25. b4 Be8 26. Nd4 Bh5 27. a3 Bg4 28. Rc2 Rbc8 29. Bc1 Kf7 30. Be3 Qd8 31. g3 h6 32. Bxe4 dxe4 33. Qa1 g5 34. Qa2 Rc4 35. fxg5 hxg5 36. hxg5 Bxg5 37. Bxg5 Qxg5 38. Rh2 Qe3 39. Rh7+ Kg6 40. Qh2 Rxd4 41. cxd4 Bf3+ 42. Rxf3 Qxf3+ 43. Kg1 Qd1+ 44. Kg2 Qe2+ 45. Kg1 Qxh2+ 46. Rxh2 Rc8 47. Rd2 Rc1+ 48. Kf2 e3+ 49. Ke2 exd2 50. Kxd2 0-1

[Event "Annex CC-ch"]
[Site "Toronto CAN"]
[Date "2011.03.07"]
[Round "4"]
[White "Wiebe, Daniel"]
[Black "Siddeley, Hugh"]
[Result "1-0"]
[WhiteElo "1936"]
[BlackElo "2029"]
[PlyCount "78"]
[GameId "2160767909812740"]
[EventDate "2011.02.01"]
[EventType "swiss"]
[EventRounds "6"]
[EventCountry "CAN"]

1. e4 c5 2. Nf3 d6 3. d4 cxd4 4. Nxd4 Nf6 5. Nc3 g6 6. Be3 Bg7 7. f3 Nc6 8. Qd2 O-O 9. Bc4 Bd7 10. O-O-O Rc8 11. Bb3 Ne5 12. Kb1 Nc4 13. Bxc4 Rxc4 14. h4 h5 15. g4 hxg4 16. h5 gxh5 17. b3 Rc8 18. Nd5 e6 19. Nxf6+ Qxf6 20. Rxh5 Bc6 21. Bh6 Rfe8 22. Bxg7 Kxg7 23. Rg1 Kf8 24. Rxg4 Ke7 25. Rh6 Qe5 26. Rg5 Qh8 27. Rxh8 Rxh8 28. Nxc6+ Rxc6 29. Kb2 a6 30. Rg7 Rc7 31. Qg5+ Ke8 32. Qf6 Rf8 33. Rh7 Rc5 34. f4 Rc7 35. f5 Re7 36. Rh8 Rxh8 37. Qxh8+ Kd7 38. f6 Re8 39. Qg7 Rg8 1-0

[Event "Annex CC-ch"]
[Site "Toronto CAN"]
[Date "2011.03.14"]
[Round "5"]
[White "Wiebe, Daniel"]
[Black "Shebetah, Wajdy"]
[Result "0-1"]
[WhiteElo "1935"]
[BlackElo "2170"]
[PlyCount "148"]
[GameId "2160767909812741"]
[EventDate "2011.02.01"]
[EventType "swiss"]
[EventRounds "6"]
[EventCountry "CAN"]

1. e4 g6 2. d4 Bg7 3. Nc3 d6 4. f4 Nf6 5. Nf3 O-O 6. Bd3 Na6 7. O-O c5 8. d5 Nc7 9. Bc4 b5 10. Nxb5 Nxb5 11. Bxb5 Nxe4 12. Re1 Rb8 13. Bc4 Nf6 14. Rb1 Rb4 15. b3 Bf5 16. Bd2 Rb8 17. Bc3 Bh6 18. Re2 Ne4 19. Bb2 Nf6 20. Qe1 Re8 21. Qh4 Bg7 22. Rbe1 Qd7 23. a4 Bg4 24. Bb5 Rxb5 25. axb5 Bxf3 26. gxf3 Nxd5 27. Bxg7 Kxg7 28. c4 Nf6 29. Ra1 d5 30. Rea2 dxc4 31. bxc4 Qd4+ 32. Qf2 Qxc4 33. Rc2 Qxb5 34. Qxc5 Qd3 35. Ra3 Qd1+ 36. Kg2 Nh5 37. Qe5+ f6 38. Qe4 Nxf4+ 39. Kf2 Nh3+ 40. Kg2 Nf4+ 41. Kf2 Nh3+ 42. Kg2 Ng5 43. Qd3 Qxd3 44. Rxd3 Kf7 45. Ra2 Ne6 46. Rda3 Ra8 47. Rxa7 Rxa7 48. Rxa7 Nd4 49. Kg3 g5 50. Kg4 Kg6 51. Ra4 e5 52. Ra6 h5+ 53. Kg3 Kf5 54. Kf2 h4 55. Rb6 Ne6 56. Ra6 Ng7 57. Ke3 Nh5 58. Kf2 g4 59. Rb6 g3+ 60. hxg3 hxg3+ 61. Kg2 Kg5 62. Rb5 Kh4 63. Rb8 Nf4+ 64. Kg1 g2 65. Rh8+ Kg3 66. Rg8+ Kxf3 67. Rg3+ Ke4 68. Ra3 Kf5 69. Rb3 e4 70. Ra3 Kg5 71. Rb3 f5 72. Rg3+ Kf6 73. Ra3 Ke5 74. Ra5+ Ke6 0-1